000 00548nam a2200181Ia 4500
999 _c7987
_d7987
003 OSt
005 20200107150853.0
008 190216s9999||||xx |||||||||||||| ||und||
020 _a9788125914495
040 _coclc
082 _a658.802
_bGAU/E
100 _aGaur, Sanjaya Singh
_91097
245 0 _aEvent Marketing and Management /
_cSanjaya Singh Gaur; Sanjay V Saggere
260 _bVikas Publishing House,
_c2013.
_aNoida:
300 _a243p
650 _xManagement
942 _cBK
_2ddc
_h658.802
_iGAU/E
_k658.802
_mGAU/E